| 000 | 00578nam a2200181Ia 4500 | ||
|---|---|---|---|
| 003 | IN-BaIIA | ||
| 008 | 211028s9999 xx 000 0 eng d | ||
| 040 | _cIIA Library | ||
| 080 |
_a83.7 _bISI |
||
| 110 | _aIndian Standards Institution | ||
| 245 | 0 |
_aglossary of terms relating to cement concrete _bpt. 3, concrete reinforcement _cIndian Standards Institution |
|
| 260 |
_aNew Delhi _bIndian Standards Institution _c1972 |
||
| 300 | _a14p. | ||
| 500 | _aIS 6461 : Part 3 : 1972 | ||
| 650 |
_a Cement Concrete _98826 |
||
| 650 |
_aConcrete Reinforcement _98827 |
||
| 942 | _cBK | ||
| 999 |
_c4928 _d4928 |
||